000 00880nam a22001697a 4500
999 _c58796
_d58796
005 20220808124405.0
008 220808b xxu||||| |||| 00| 0 geo d
020 _q19876807
041 _ageo
245 _aმუზეუმის მაცნე /
_cმთავარი რედაქტორი ოთარ გოგოლიშვილი; ხარიტონ ახვლედიანის სახელობის აჭარის მუზეუმი.
260 _aბათუმი,
_c2019.
300 _av.
653 _aმუზეუმის მაცნე
700 _aგოგოლიშვილი, ოთარ
_eმთავარი რედაქტორი
_914515
710 _aხარიტონ ახვლედიანის სახელობის აჭარის მუზეუმი.
_914516
942 _2udc
_cCR